Sports Quiz

Random Sports or NFL Quiz

NFL Top 10 Worst Single-Season Collapses Quiz Stats

 Plays Quiz not verified by Sporcle

Support Sporcle.
Go Orange.
Score 0/10 Timer 20:00
0 Plays Today
Hint Team % Correct
This team was 7-2 before losing their final seven games and missing the playoffs.Philadelphia Eagles
90.7%
This team was 8-1 before losing their final six games and missing the playoffs.San Diego Chargers
89.3%
This team was 9-2 before losing their final five games and missing the playoffs.Miami Dolphins
89.3%
This team was 6-1 before losing six of their final nine games and missing the playoffs.New York Jets
88%
This team was 8-3 before losing four of their final five games and missing the playoffs.New York Jets
88%
This team was 6-0 before losing seven of their final ten games and missing the playoffs.Minnesota Vikings
88%
This team was 8-4 before losing three of their final four games and missing the playoffs.Dallas Cowboys
86.7%
This team was 6-0 before losing eight of their final ten games and missing the playoffs.Washington Redskins
84%
This team was 8-4 before losing their final four games and missing the playoffs.Los Angeles Raiders
82.7%
This team was 6-0 before losing eight of their final ten games and missing the playoffs.Denver Broncos
82.7%

You're not logged in!

Compare scores with friends on all Sporcle quizzes.
OR
Log In

From the Vault

Images That Start with 'G'

by sproutcm

Who says we don't make games for Dr. Dre? This one ain't nuthin' but 'G' thangs.
Remove Ads.
Support Sporcle.
Get the best of Sporcle when you Go Orange. This ad-free experience offers more features, more stats, and more fun while also helping to support Sporcle. Thank you for becoming a member.

Show Comments

Extras

Created Feb 25, 2020ReportNominate
Tags:NFL Quiz

Top Quizzes Today


Score Distribution

Your Account Isn't Verified!

In order to create a playlist on Sporcle, you need to verify the email address you used during registration. Go to your Sporcle Settings to finish the process.

Report this User

Report this user for behavior that violates our Community Guidelines.

Details: